Quizzes
Events
Quiz Creation
Community
Videos
Private Events
Remove Ads
Sign In
Join for FREE
Feedback
Dark Mode
Quiz Categories
Sports
Geography
Music
Movies
Television
Just For Fun
Miscellaneous
History
Literature
Language
Science
Gaming
Entertainment
Religion
Holiday
For Kids
Quiz Lab
Recent
Popular Today
Quiz Kudos Today
Editor Picks
Curator Picks
Quizzes by...
Day
Popularity
Type
Ratings
Length
Year
Community
Subscriptions
Recent Discussions
Orange Saloon
Badges
Playlists
Quests
Create
Leaderboards
Showdown
Live 5
Trivia Bingo
Activity
Puzzle Library
Sporcle Events
Private Events
Virtual Trivia
Globe League
Become a Host
Pub Owners
SporcleCon
Opinionation
Our Games
Videos
Blog
Mobile Apps
Partnerships
Remove Ads and Go Orange
Feedback
Miscellaneous
Crossword
General Knowledge
Baby Names
Logo
Food
Cars
Numbers
Grab Bag
University
College
Popular
Company
Slogans
Restaurants
Justice
Letter
Miscellaneous
Crossword
General Knowledge
Baby Names
Logo
Food
Cars
Numbers
Grab Bag
University
College
Popular
Company
Slogans
Restaurants
Justice
Letter
Random Quiz
Search Sporcle
×
Quiz Lab
Quiz Lab
Miscellaneous
United States
Type in answers that appear in a list
Type in answers that appear in a list
Classic
Best Score? Go Orange.
Obama's Case For Cooperation Stats
Can you name the words in the conclusion to Obama's third State of the Union?
By
jaxtc
8m
123 Questions
25 Plays
25 Plays
25 Plays
Comments
Comments
Give Quiz Kudos
Give Quiz Kudos
-
- Ratings
hide this ad
Replay
Link that replays current quiz
Next Quiz
Link to next quiz in quiz playlist
You Got
0%
They Got
Avg Score
36%
Avg Friend Score
Upgrade to see
Score Distribution
Jump to the score distribution portion of the page
Score
0/123
Timer
08:00
0
Plays Today
% Correct
and
100%
a
100%
And
100%
and
100%
and
100%
the
100%
we
88%
we
88%
we
88%
we
88%
we
88%
I
76%
be
68%
to
64%
America.
60%
this
60%
This
60%
This
60%
This
60%
this
60%
union
60%
is
56%
that
56%
that
56%
our
56%
is
56%
is
56%
is
56%
is
56%
that
56%
in
56%
is
56%
in
56%
our
56%
our
56%
our
56%
is
56%
our
56%
will
56%
of
52%
of
52%
% Correct
strong.
52%
So
48%
together
48%
No
48%
nation
48%
together.
48%
nation
48%
nation
48%
no
48%
no
48%
state
48%
always
48%
country
44%
on
44%
it
40%
great
40%
it
40%
great
40%
great
40%
great;
40%
because
36%
because
36%
because
36%
with
32%
one
32%
if
32%
there
32%
too
32%
too
32%
time
28%
at
28%
future
24%
Each
20%
those
20%
those
20%
their
20%
as
20%
each
20%
As
20%
as
20%
we're
20%
% Correct
as
20%
as
20%
look
16%
get
16%
forward,
16%
flag,
12%
I'm
12%
built
12%
own.
12%
built
12%
hard.
12%
long
12%
long
12%
fifty
8%
stars
8%
thirteen
8%
stripes.
8%
worked
8%
moment
8%
like
4%
team.
4%
other's
4%
fast
4%
truth,
4%
challenge
4%
common
4%
common
4%
resolve,
4%
hopeful,
4%
reminded
0%
destiny
0%
stitched
0%
backs.
0%
hold
0%
trial,
0%
mission
0%
joined
0%
purpose,
0%
maintain
0%
journey
0%
moves
0%
Quiz Playlist
Details
Report
Send in Message
Add To Playlist
Classic:
Type in answers that appear in a list
Last Updated: Feb 16, 2017
Quiz Scoreboard
CHALLENGE
Sign Up to Join the Scoreboard
Show All
Scores
Hide
Comments
May contain spoilers
Recently Published
NBA Finals Game Top Scorers (2010s)
by flibbidy
Sports
5m
Guess the 'R' Things in 3 Words
by MSUKent
Miscellaneous
3m
Actor to Badly Drawn Movie III
by MoMosMoProblems
Movies
5m
More to Explore
Quiz From the Vault
Featured Blog Post
Where Does Lost Luggage Go?
hide this ad
You Might Also Like...
Tags
Politics Quiz
State Quiz
United States Quiz
US Presidents Quiz
Barack Obama
Government
speech
union
Today's Top Quizzes in Miscellaneous
Browse Miscellaneous
hide this ad
Today's Top Quizzes in United States
Browse United States
Top Contributed Quizzes in Miscellaneous
1
The JOE quick-fire general knowledge quiz: Day 166
2
The JOE quick-fire general knowledge quiz: Day 165
3
Guess the 'S' Things in 3 Words
4
Guess the 'T' Things in 3 Words
5
Guess the 'V' Things in 3 Words
6
Guess the 'W' Things in 3 Words
7
Guess the 'Y' Things in 3 Words
8
Sporcle Acrostic Puzzle XXXV
9
The JOE quick-fire general knowledge quiz: Day 164
10
Sunday Crossword: Under the Bridge
Explore More
Trending Topics
Kpop
Marvel
Anime
NBA
Disney
Harry Potter
Crossword
The Office
NFL
Soccer
Puzzle
Song
Country
Pokémon
WWE
hide this ad
More By:
jaxtc
Quiz
Plays
Rating
Category
Featured
Created
Romney or Obama?
762
4.38
Miscellaneous
Dec 23, 2011
Best-Selling Rap Artists
486
5.00
Music
Mar 25, 2014
British Royalty to US Presidents
466
4.29
History
May 31, 2011
2012 Republican Who Said It?
84
5.00
Miscellaneous
Oct 16, 2011
Rappers Talk About Themselves
83
3.00
Music
Jun 8, 2012
Go to Creator's Profile
Score Distribution
Quiz Creator Spotlight
jaxtc
Follow
Send a Message
Quizzes Created
-
Created Quiz Play Count
-
More By This Creator
Popular Quizzes Today
1
Find the US States - No Outlines Minefield
2
Find the US States
3
The Countries of the World
4
10 Largest US States in Order
5
Find the Countries of Europe - No Outlines Minefield
6
US States
7
Guess the 'R' Things in 3 Words
8
NBA Finals Game Top Scorers (2010s)
More Miscellaneous Quizzes
Find the Japanese Emergency Vehicles
Quiz Lab
Trending Quizzes
First Name TV: Leading Men
Match the Book to the Film II
First Name TV: Leading Women Drama
Match the Book to the Film VI
3-Word Movies in 1 Word II
Recently Updated
Women's Final Four Teams by Year
bhenderson79
Presidents Quartet II
eogle
Anything But Clue(do)
eogle
Anything But Oceanian Capitals
eogle
Anything But 7
eogle
Anything But Thing
eogle
Word Ladder: February 29
pecheneg
Song Title Questions
pecheneg
Women's NCAA Tournament #1 Seeds
pecheneg
Celebrity Mug Shots
pecheneg
Trending Topics
Crossword
Disney
Kpop
Marvel
Harry Potter
Anime
NBA
The Office
Song
Pokémon
WWE
Puzzle
Country
Soccer
NFL
Your Account Isn't Verified!
In order to create a playlist on Sporcle, you need to verify the email address you used during registration. Go to your
Sporcle Settings
to finish the process.
Report this User
Report this user for behavior that violates our
Community Guidelines
.
Details:
Send Report
Go to the Sporcle.com Mobile Site →
Comments